Oeuvres romanesques / (Record no. 17062)

MARC details
000 -LEADER
campo de control de longitud fija 00969nam a2200229 i 4500
001 - NÚMERO DE CONTROL
campo de control 17062
003 - IDENTIFICADOR DE NÚMERO DE CONTROL
campo de control ES-MaACL
005 - FECHA Y HORA DE LA ÚLTIMA TRANSACCIÓN
campo de control 20230906151508.0
007 - CAMPO FIJO DE DESCRIPCIÓN FÍSICA--INFORMACIÓN GENERAL
campo de control de longitud fija t|
008 - DATOS DE LONGITUD FIJA--INFORMACIÓN GENERAL
campo de control de longitud fija 001218s1991 fr ||||1| fre d
020 ## - NÚMERO INTERNACIONAL ESTÁNDAR DEL LIBRO
Número Internacional Estándar del Libro 2-07-011018-4
080 ## - NÚMERO DE LA CLASIFICACIÓN DECIMAL UNIVERSAL
Número de la Clasificación Decimal Universal 821.133.1-31"19"
100 1# - ENTRADA PRINCIPAL--NOMBRE DE PERSONA
Nombre de persona Yourcenar, Marguerite.
9 (RLIN) 117708
245 10 - MENCIÓN DEL TÍTULO
Título Oeuvres romanesques /
Mención de responsabilidad, etc. Marguerite Yourcenar.
260 ## - PUBLICACIÓN, DISTRIBUCIÓN, ETC.
Lugar de publicación, distribución, etc. Paris :
Nombre del editor, distribuidor, etc. Gallimard,
Fecha de publicación, distribución, etc. [1991]
300 ## - DESCRIPCIÓN FÍSICA
Extensión XXXVIII, 1363 p. ;
Dimensiones 18 cm.
490 1# - MENCIÓN DE SERIE
Mención de serie Bibliothèque de la Pléiade
505 8# - NOTA DE CONTENIDO CON FORMATO
Nota de contenido con formato Contiene: Alexis ou le traité du vain combat ; Le coup de grâce ; Denier du rêve ; Mémoires d'Hadrien ; Carnets de notes de Mémoires de'Hadrien ; L'oeuvre au noir ; Carnets de notes de L'oeuvre au noir ; Anna, soror... ; Un homme obscour-Une belle matinée ; Feux ; Nouvelles orientales ; Supplément: La nouvelle Eurydice
830 0# - PUNTO DE ACCESO ADICIONAL DE SERIE-TÍTULO UNIFORME
Título uniforme Bibliothèque de la Pléiade
9 (RLIN) 180233
852 ## - LOCALIZACIÓN
Ubicación ES-MaACL
Número de control de estantería L-24072
Sublocalización o colección R.129197
Holdings
Estatus retirado Estado de pérdida Estado de daño No para préstamo Biblioteca de origen Biblioteca actual Ubicación en estantería Fecha de adquisición Fuente de adquisición Total de préstamos Signatura topográfica completa Código de barras Visto por última vez Precio de reemplazo Tipo de ítem Koha
        Biblioteca del Ateneo de Madrid Biblioteca del Ateneo de Madrid Depósito 2 17/01/2008     L-24072 1017407 23/02/2023 23/02/2023 Libro impreso